LEADER 04457nam 2200709 450 001 9910786461003321 005 20230126212018.0 010 $a0-8014-7045-5 024 7 $a10.7591/9780801470455 035 $a(CKB)3710000000111078 035 $a(OCoLC)882243165 035 $a(CaPaEBR)ebrary10870825 035 $a(SSID)ssj0001195480 035 $a(PQKBManifestationID)11671052 035 $a(PQKBTitleCode)TC0001195480 035 $a(PQKBWorkID)11160901 035 $a(PQKB)11480359 035 $a(StDuBDS)EDZ0001510178 035 $a(OCoLC)879576372 035 $a(MdBmJHUP)muse34648 035 $a(DE-B1597)478500 035 $a(OCoLC)979778560 035 $a(DE-B1597)9780801470455 035 $a(Au-PeEL)EBL3138601 035 $a(CaPaEBR)ebr10870825 035 $a(CaONFJC)MIL683522 035 $a(OCoLC)922998496 035 $a(MiAaPQ)EBC3138601 035 $a(EXLCZ)993710000000111078 100 $a20140520h20142014 uy 0 101 0 $aeng 135 $aur||||||||||| 181 $ctxt 182 $cc 183 $acr 200 10$aFrom development to dictatorship $eBolivia and the alliance for progress in the Kennedy era /$fThomas C. Field Jr 210 1$aIthaca, New York :$cCornell University Press,$d2014. 210 4$d©2014 215 $a1 online resource (297 p.) 225 1 $aUnited States in the World 300 $aBibliographic Level Mode of Issuance: Monograph 311 $a1-322-52240-5 311 $a0-8014-5260-0 320 $aIncludes bibliographical references and index. 327 $tFront matter --$tContents --$tPreface --$tList of Abbreviations --$tMap of South America, Early 1960's --$tMap of Bolivia, Early 1960's --$tIntroduction: Ideology as Strategy --$t1. Modernization's Heavy Hand: The Triangular Plan for Bolivia --$t2. Development as Anticommunism: The Targeting of Bolivian Labor --$t3. "Bitter Medicine": Military Civic Action and the Battle of Irupata --$t4. Development's Detractors: Miners, House wives, and the Hostage Crisis at Siglo XX --$t5. Seeds of Revolt: The Making of an Antiauthoritarian Front --$t6. Revolutionary Bolivia Puts On a Uniform: The 1964 Bolivian Coup d'État --$tConclusion: Development and Its Discontents --$tNotes --$tBibliography --$tIndex 330 $aDuring the most idealistic years of John F. Kennedy's Alliance for Progress development program, Bolivia was the highest per capita recipient of U.S. foreign aid in Latin America. Nonetheless, Washington's modernization programs in early 1960's Bolivia ended up on a collision course with important sectors of the country's civil society, including radical workers, rebellious students, and a plethora of rightwing and leftwing political parties. In From Development to Dictatorship, Thomas C. Field Jr. reconstructs the untold story of USAID's first years in Bolivia, including the country's 1964 military coup d'état. Field draws heavily on local sources to demonstrate that Bolivia's turn toward anticommunist, development-oriented dictatorship was the logical and practical culmination of the military-led modernization paradigm that provided the liberal underpinnings of Kennedy's Alliance for Progress. In the process, he explores several underappreciated aspects of Cold War liberal internationalism: the tendency of "development" to encourage authoritarian solutions to political unrest, the connection between modernization theories and the rise of Third World armed forces, and the intimacy between USAID and CIA covert operations. Challenging the conventional dichotomy between ideology and strategy in international politics, From Development to Dictatorship engages with a growing literature on development as a key rubric for understanding the interconnected processes of decolonization and the Cold War. 410 0$aUnited States in the world. 606 $aHISTORY / United States / 20th Century$2bisacsh 607 $aBolivia$xPolitics and government$y1952-1982 607 $aBolivia$xHistory$y1952-1982 607 $aBolivia$xSocial conditions$y1952-1982 607 $aUnited States$xForeign relations$zBolivia 615 7$aHISTORY / United States / 20th Century. 676 $a984.05/2 700 $aField$b Thomas C.$cJr.,$01517667 801 0$bMiAaPQ 801 1$bMiAaPQ 801 2$bMiAaPQ 906 $aBOOK 912 $a9910786461003321 996 $aFrom development to dictatorship$93754872 997 $aUNINA LEADER 02271nam 2200505z- 450 001 9910557485903321 005 20211118 035 $a(CKB)5400000000042973 035 $a(oapen)https://directory.doabooks.org/handle/20.500.12854/74250 035 $a(oapen)doab74250 035 $a(EXLCZ)995400000000042973 100 $a20202111d2020 |y 0 101 0 $aeng 135 $aurmn|---annan 181 $ctxt$2rdacontent 182 $cc$2rdamedia 183 $acr$2rdacarrier 200 00$aThe Green Side of the Water Cycle: New Advances in the Study of Plant Water Dynamics 210 $cFrontiers Media SA$d2020 215 $a1 online resource (105 p.) 311 08$a2-88966-114-8 330 $aThis eBook is a collection of articles from a Frontiers Research Topic. Frontiers Research Topics are very popular trademarks of the Frontiers Journals Series: they are collections of at least ten articles, all centered on a particular subject. With their unique mix of varied contributions from Original Research to Review Articles, Frontiers Research Topics unify the most influential researchers, the latest key findings and historical advances in a hot research area! Find out more on how to host your own Frontiers Research Topic or contribute to one as an author by contacting the Frontiers Editorial Office: frontiersin.org/about/contact 517 $aGreen Side of the Water Cycle 606 $aBotany & plant sciences$2bicssc 606 $aScience: general issues$2bicssc 610 $ahydrological tracers 610 $anoninvasive techniques 610 $aplant-fungi interactions 610 $astable isotopes 610 $awater footprint 610 $awater status 610 $awater transport 610 $awater uptake 615 7$aBotany & plant sciences 615 7$aScience: general issues 700 $aPedro Ferrio$b Juan$4edt$01322351 702 $aDubbert$b Maren$4edt 702 $aMaria Máguas$b Cristina$4edt 702 $aPedro Ferrio$b Juan$4oth 702 $aDubbert$b Maren$4oth 702 $aMaria Máguas$b Cristina$4oth 906 $aBOOK 912 $a9910557485903321 996 $aThe Green Side of the Water Cycle: New Advances in the Study of Plant Water Dynamics$93034898 997 $aUNINA